000
00269nam a2200097Ia 4500
082
_a
ETF|LEE
245
0
_a
Leopards and legends
100
_a
Heather-Lee Pietermaritzburg, 2009 1st ed
_9
42760
942
_c
BK
008
210817s9999 xx 000 0 und d
999
_c
180064
_d
180069